Регионална библиотека "Любен Каравелов" - Русе

Избрани песни от български композитори за висок глас и пиано [Нотирана музика] (Запис номер 365234)

MARC детайли
000 -Лидер
Контролно поле с фиксирана дължина ncm a22 a 4500
003 - Код на организацията, давaща контролен номер
Контролно поле BLK
005 - Дата и час на последна редакция
Контролно поле 20200529125103.0
008 - Елементи от данни с фиксирана дължина
fixed length control field 200529b bu ||||| |||| 00| 0 bu d
040 ## - Източник на каталожния запис
Идентификатор на билиотеката - собственик на записа BLK
041 ## - Код за език
Код за езика на текст/звукозапис или на отделно заглавие Български
Код за езика КДБФ Български
080 ## - УДК
Текстов определител УДК Вокална музика
УДК код - определител по УДК 784
УДК - код + определител 784
139 ## - Редно поле
Редна дума Избрани песни от български композитори за висок глас и пиано
Авторски знак Из - И 35
245 ## - Сведения за заглавието
Заглавие Избрани песни от български композитори за висок глас и пиано [Нотирана музика]
Редно поле (дума) състав. и ред. Тодор Попов
246 ## - Различни форми на заглавието
Паралелно заглавие Избранные песни болгарских композиторов для високого голоса и фортепьяно
250 ## - Област на изданието
Сведения за изданието 2. изд.
260 ## - Област на издателските данни
9 (RLIN) 209430
Място на издаване, разпространение и проч. София
Име на издателя, разпространителя и проч. Музика
Година на издаване 1978
Издателство - префикс ISBN 978-954-405-
300 ## - Физическа характеристика
Страници 1 партитура (156 с.)
Размери/Мащаб 33 см
380 ## - Жанр
Жанр Изкуство
500 ## - Общи забележки
Забележка Съдържа: 29 песни. - 1. изд. 1959
650 #0 - Допълнително описание по предмет – тема
9 (RLIN) 306210
Основно описание – тема или топоним Музика, вокална
653 #7 - Ключова дума – ненормативна
9 (RLIN) 193581
Ключова дума песни
653 #7 - Ключова дума – ненормативна
9 (RLIN) 182685
Ключова дума български композитори
653 #7 - Ключова дума – ненормативна
9 (RLIN) 183324
Ключова дума висок глас
700 ## - Други автори (авторска отговорност)
9 (RLIN) 1478
Лично име Попов, Тодор Иванов
Автороска отговорност (Описва отношението между автора и произведението) състав.
852 ## - Местоположение
Форматна сигнатура Цб М ІІ 7666
Фондова буква Хранилище
999 ## - СИСТЕМНИ КОНТРОЛНИ НОМЕРА
Koha biblionumber 365234
Koha biblioitemnumber 365234
942 ## - АРТИКУЛИ
Източник на класификационната схема Universal Decimal Classification
Вид на библиотечния материал Нотни издания
Скрит в OPAC Не
Периодичен библиозапис Да
944 ## - СЪЗДАВАНЕ И РЕДАКЦИЯ на ЗАПИСА
Създаване/Редакция Създаване
Дата на регистрацията/редакция 2020-05-29
Служител, извършил регистрацията/редакцията ГГГ
Наличности
Код за отписване Код за изгубен артикул Източник на класификационната схема Код за повреда Коз за рестрикции Код за отдаване Артикулен № Име на библиотеката - собственик Име на библиотеката, в която се намира в момента Статус (Текущо местоположение) Дата на вписване в системата Местоположение - отдел Цена в лева Инвентарен номер Систематично азбучна сигнатура Баркод Цена в евро Служебен тип на артикула
  Не е изгубен Universal Decimal Classification Не е повреден само за читалня ползва се в читалня 773582 Регионална библиотека "Любен Каравелов" Русе Регионална библиотека "Любен Каравелов" Русе Хранилище 2020-06-01 Хранилище 4.50 271114 Цб М ІІ 7666 900000015346 2.30 Нотни издания
Vip Innovations Ltd, Rousse, Bulgaria 2025